00406nam a2200181Ia 4500008004100000020001400041050001400055100001600069245002100085245001600106260001500122260001600137260000900153300001600162300002700178300001100205500000800216170918s9999 xx 000 0 und d a440229499 bL921 2000 aLowry, Lois aGathering blue / cLois Lowry. aNew York : bScholastic, c2000 a215 pages : bcolored illustration ; c18cm.  a680